Nederlandse Treinstations per Lijn 2026 - Statistieken

Algemene statistieken
  • Deze quiz is 222 keer genomen
    14 sinds de laatste reset
  • De gemiddelde score is 865 van 1173
Antwoordstatistieken
Lijn Opmerkingen Station % Correct
IC 2700 | IC 3000 | IC 3400* | Spr 4800 Alkmaar
100%
IC 1700 | IC 17900 | RS 21 31000 | +2 others Almelo
100%
ECD 9500 | IC 2600 | IC 700 | +5 others Almere Centrum
100%
Spr 8600 | Spr 8700 | Spr 8800 | Spr 8900 Alphen aan den Rijn
100%
ES 9100 | ES 9300 | IC 140/240 | +20 others Amsterdam Centraal
100%
ECD 9500 | IC 3100 | IC 3200 | +7 others Amsterdam Zuid
100%
IC 140/240 | IC 1500 | IC 1700 | +2 others Apeldoorn
100%
IC 3000 | IC 3100 | IC 3200 | +9 others Arnhem Centraal
100%
IC 500 | IC 700 | RE 8 31500 | +2 others Assen
100%
Spr 5000 | Spr 5100 | Spr 5200 Barendrecht
100%
EC 9200 | IC 1100 | IC 3600 | +2 others Breda
100%
IC 1100 | IC 2200 | IC 2300 | +5 others Delft
100%
IC 1100 | IC 1700 | IC 2100 | +10 others Den Haag Centraal
100%
IC 2700 | IC 3000 * Den Helder
100%
IC 2200 | IC 2300 | IC 3500 | +7 others Dordrecht
100%
RS 32 30700 | RS 32 30900 Duiven
100%
RS 34 31300 Ede Centrum
100%
IC 1100 | IC 2700 | IC 3500 | +3 others Eindhoven Centraal
100%
RE 20 13800 | RE 20 3800 | RS 20 8000 Emmen
100%
IC 1700 | IC 17900 | RB 51 20200 | +3 others Enschede
100%
Stt 7100 | Stt 7200 Gorinchem
100%
IC 1700 | IC 2000 | IC 2800 | +7 others Gouda
100%
IC 500 | IC 700 | RE 1 37300a | +9 others Groningen
100%
IC 2100 | IC 2200 | IC 2300 | +6 others Haarlem
100%
IC 600 | IC 800 | Spr 9000 Heerenveen
100%
IC 2700 | IC 3000 | Spr 4800 * Heerhugowaard
100%
IC 140/240 | IC 1500 | ICD 1800 | +3 others Hilversum
100%
IC 3700* | IC 3900 | Spr 4100 | Spr 4800 Hoorn
100%
RS 18 32000 Kerkrade Centrum
100%
IC 600 | IC 800 | RE 1 37300a | +7 others Leeuwarden
100%
IC 2100 | IC 2200 | IC 2300 | +8 others Leiden Centraal
100%
IC 700 | ICD 2400 Lelystad Centrum
100%
IC 2700 | RE 18 18900 | RS 12 32400 | RS 18 32000 Maastricht
100%
IC 600 | IC 800 | RE 8 31500 | +2 others Meppel
100%
IC 2200 | IC 2300 | IC 3600 Middelburg
100%
IC 3000 | IC 3100 | IC 3600 | +4 others Nijmegen
100%
IC 3700* | Spr 4100 Purmerend
100%
IC 2700 | IC 3900 | RS 11 32200 | RS 12 32400 Roermond
100%
IC 2200 | IC 2300 | IC 3600 | +2 others Roosendaal
100%
IC 2000 | IC 2800 | Spr 4000 Rotterdam Alexander
100%
EC 9200 | ECD 9500 | ES 9100 | +14 others Rotterdam Centraal
100%
IC 2200 | IC 2300 | IC 3500 | +3 others Schiedam Centrum
100%
ECD 9500 | ES 9300 | IC 3100 | +13 others Schiphol Airport
100%
IC 2700 | IC 3500 | IC 3600 | +4 others 's-Hertogenbosch
100%
IC 2700 | IC 3900 | RS 12 32400 | RS 15 32500 Sittard
100%
IC 1100 | IC 3600 | Spr 6400 | Spr 6600 Tilburg
100%
IC 1700 | IC 2000 | IC 2700 | +19 others Utrecht Centraal
100%
IC 3500 | RE 13 20000 | RS 11 32200 | RS 11 32300 Venlo
100%
RS 11 32200 | RS 11 32300 Venray
100%
IC 2200 | IC 2300 | IC 3600 Vlissingen
100%
Spr 6800 | Spr 6900 Zoetermeer
100%
Spr 5000 | Spr 5100 | Spr 5200 Zwijndrecht
100%
IC 17900 | IC 3600 | IC 500 | +12 others Zwolle
100%
Spr 4300 | Spr 4600 | Spr 4900 Almere Muziekwijk
88%
Spr 4300 | Spr 4600 | Spr 4900 Almere Poort
88%
IC 140/240 | IC 1500 | IC 1700 | +8 others Amersfoort Centraal
88%
IC 3100 | IC 3200 | IC 3500 | +2 others Amsterdam Bijlmer-ArenA
88%
EC 9200 | ECD 9500 | ES 9300 | Stt 2500 België Antwerpen Centraal
88%
RS 5 37800 Appingedam
88%
Spr 6600 | Spr 7600 Arnhem Zuid
88%
Spr 5500 | Spr 5800 Baarn
88%
IC 3400* | Spr 4800 Beverwijk
88%
Spr 4800 Bloemendaal
88%
RS 11 32200 | RS 11 32300 Boxmeer
88%
Spr 6400 | Spr 6500 Boxtel
88%
EC 9200 Brussel Centraal
88%
Spr 4000 Capelle Schollevaar
88%
IC 2700 | IC 3000 | IC 3400* | Spr 4800 Castricum
88%
RE 20 13800 | RE 20 3800 | RS 20 8000 Coevorden
88%
RS 5 37800 Delfzijl
88%
IC 1100 | IC 2200 | IC 2300 | +5 others Den Haag Hollands Spoor
88%
IC 2700 | IC 3000 * Den Helder Zuid
88%
Spr 4600 | Spr 5800 Diemen
88%
IC 3600 | Spr 7600 Dieren
88%
IC 3000 | Spr 7300 | Spr 7400 Driebergen-Zeist
88%
ICD 1800 | Spr 4000 | Spr 4300 | +2 others Duivendrecht
88%
IC 3000 | IC 3100 | IC 3200 | +2 others Ede-Wageningen
88%
IC 3700* | IC 3900 Enkhuizen
88%
Spr 5600 Ermelo
88%
IC 3600 Etten-Leur
88%
RS 2 37200 Franeker
88%
IC 2200 | IC 2300 | IC 3600 Goes
88%
RS 2 37200 Harlingen
88%
Spr 4800 Heemskerk
88%
IC 3900 | RE 18 18900 | RS 15 32500 | RS 18 32000 Heerlen
88%
IC 3000 | IC 3400* | Spr 4800 Heiloo
88%
IC 3500 | Spr 6500 Helmond
88%
Spr 6500 Helmond 't Hout
88%
IC 140/240 | IC 1700 | IC 17900 | +4 others Hengelo
88%
Spr 4100 | Spr 4300 | Spr 5700 | +4 others Hoofddorp
88%
RE 8 31500 | Spr 6200 Hoogeveen
88%
Spr 6900 | Spr 8800 Houten
88%
Spr 8500 Kampen
88%
Stt 2500 Kapellen
88%
ECD 9500 | IC 800 | Spr 4300 | Spr 9000 Lelystad Centrum
88%
RE 18 18900 1x/uur, België Liège Guillemins
88%
Spr 5600 Nunspeet
88%
RB 61 20350 | RS 24 31200 Oldenzaal
88%
IC 3600 | Spr 6500 | Spr 6600 Oss
88%
Spr 7600 Rheden
88%
Spr 7300 Rhenen
88%
Spr 7000 Rijssen
88%
Spr 5000 | Spr 5100 | Spr 5200 Rijswijk
88%
IC 2200 | IC 2300 | IC 3500 | +3 others Rotterdam Blaak
88%
IC 2700 | IC 3000 * Schagen
88%
Stt 7100 | Stt 7200 Sliedrecht
88%
RE 3 38000* | RS 3 37100 Sneek
88%
RS 3 37100 Stavoren
88%
IC 600 | IC 800 | Spr 9000 Steenwijk
88%
RS 11 32200 Tegelen
88%
Spr 5600 't Harde
88%
RS 33 31100 | Spr 6900 Tiel
88%
RE 18 18900 | RS 18 32000 Valkenburg
88%
RS 5 37800 Veendam
88%
Spr 7300 Veenendaal Centrum
88%
Spr 7600 Velp
88%
Spr 4200 | Spr 4300 Voorschoten
88%
IC 2700 | IC 3900 | Spr 6400 Weert
88%
Spr 6600 | Spr 7600 Wijchen
88%
RS 3 37100 Workum
88%
IC 2700 | IC 3000 | Spr 4000 | +2 others Zaandam
88%
Spr 15400** | Spr 25400** | Spr 5400 Zandvoort aan Zee
88%
RE 19 20000 | RS 32 30700 | RS 32 30900 Zevenaar
88%
IC 3600 | RS 24 31200 | RS 30 17800 | +2 others Zutphen
88%
RE 18 18900 Aachen Hauptbahnhof
75%
Spr 4000 | Spr 7400 Abcoude
75%
Spr 9000 Akkrum
75%
IC 2700 | IC 3000 | Spr 4800 * Alkmaar Noord
75%
ECD 9500 | ICD 2400 | Spr 4300 | Spr 4600 Almere Buiten
75%
Spr 5600 | Spr 5800 Amersfoort Vathorst
75%
IC 2700 | IC 3000 | IC 3900 | +2 others Amsterdam Amstel
75%
Spr 4000 | Spr 4600 | Spr 7400 Amsterdam Muiderpoort
75%
Spr 4300 | Spr 5700 Amsterdam RAI
75%
Spr 4600 | Spr 5800 Amsterdam Science Park
75%
IC 2100 | IC 2200 | IC 2300 | +13 others Amsterdam Sloterdijk
75%
IC 2700 | IC 3000 * Anna Paulowna
75%
RS 34 31300 | RS 34 31400 Barneveld Centrum
75%
IC 2200 | IC 2300 | IC 3600 Bergen op Zoom
75%
IC 140/240 Berlin Haupbahnhof
75%
Spr 8800 | Spr 8900 Bodegraven
75%
Spr 7600 Brummen
75%
RS 11 32200 | RS 11 32300 Cuijk
75%
Spr 6900 | Spr 8800 Culemborg
75%
RE 20 13800 | RE 20 3800 | RS 20 8000 Dalfsen
75%
Spr 5000 | Spr 5100 | Spr 5200 Delft Campus
75%
IC 2200 | IC 2300 | IC 3200 | +3 others Den Haag Laan van NOI
75%
Spr 4200 | Spr 4300 Den Haag Mariahoeve
75%
IC 3500 | Spr 6500 Deurne
75%
IC 140/240 | IC 1500 | IC 1700 | +2 others Deventer
75%
RS 32 30700 | RS 32 30900 Doetinchem
75%
RB 51 20200 Dortmund Hauptbahnhof
75%
ICE 120/220 | RE 19 20000 Duisburg Hauptbahnhof
75%
ICE 120/220 | RE 13 20000 | RE 19 20000 Düsseldorf Hauptbahnhof
75%
RS 12 32400 Echt
75%
RE 18 18900 1x/uur, Nederland Eijsden
75%
RS 33 31100 | Spr 6600 | Spr 7600 Elst
75%
RB 51 20200 Epe
75%
Stt 2500 België Essen
75%
ICE 120/220 Frankfurt Hauptbahnhof
75%
RE 20 13800 | RE 20 3800 | RS 20 8000 | RS 21 31000 Hardenberg
75%
IC 5300* | Spr 5600 Harderwijk
75%
RS 2 37200 Harlingen Haven
75%
IC 2100 | IC 2200 | IC 2300 | Spr 4200 Heemstede-Aerdenhout
75%
Spr 4200 Hillegom
75%
Spr 5700 | Spr 5800 Hilversum Media Park
75%
Spr 4900 | Spr 5700 Hilversum Sportpark
75%
RS 3 37100 Hindeloopen
75%
Spr 7000 Holten
75%
Spr 6900 | Spr 8800 Houten Castellum
75%
RB 61 20350 Ibbenbüren Esch
75%
ICE 120/220 Köln Hauptbahnhof
75%
Spr 5900 | Spr 6600 Lage Zwaluwe
75%
RE 18 18900 | RS 18 32000 Landgraaf
75%
RS 24 31200 Lochem
75%
RE 18 18900 | RS 12 32400 | RS 18 32000 Maastricht Randwyck
75%
RE 18 18900 | RS 18 32000 Meerssen
75%
IC 5300* | Spr 5600 Nijkerk
75%
Spr 6600 | Spr 7600 Nijmegen Lent
75%
RE 19 20000 Oberhausen Holten
75%
Spr 6400 Oisterwijk
75%
IC 3600 Olst
75%
ES 9300 Frankrijk Paris Nord
75%
IC 17900 | Spr 7900 Raalte
75%
Spr 4000 Rotterdam Noord
75%
Spr 4300 | Spr 5700 Sassenheim
75%
RS 18 32000 Schin op Geul
75%
Spr 5500 Soest
75%
Spr 5500 Soestdijk
75%
RS 15 32500 Spaubeek
75%
RS 12 32400 Susteren
75%
RS 11 32200 Swalmen
75%
Spr 4000 | Spr 4800 | Spr 7400 Uitgeest
75%
Spr 6900 | Spr 8800 Utrecht Lunetten
75%
Spr 7300 | Spr 7400 Utrecht Zuilen
75%
IC 3200 Veenendaal-De Klomp
75%
Spr 6800 | Spr 6900 Voorburg
75%
Spr 6500 Vught
75%
Spr 8600 | Spr 8700 Waddinxveen
75%
Spr 4300 | Spr 4600 | Spr 5700 | Spr 5800 Weesp
75%
Spr 7000 | Spr 7900 Wierden
75%
IC 3600 Wijhe
75%
RS 31 30800 | RS 32 30900 Winterswijk
75%
Spr 4000 | Spr 6900 | Spr 8800 | Spr 8900 Woerden
75%
Spr 4000 | Spr 7400 Zaandijk Zaanse Schans
75%
Spr 8800 Zaltbommel
75%
Spr 5900 Zevenbergen
75%
RS 32 30900 Aalten
63%
Spr 7000 | Spr 7900 Almelo De Riet
63%
ICD 1800 | Spr 5600 | Spr 5800 Amersfoort Schothorst
63%
Spr 4000 | Spr 7400 Amsterdam Holendrecht
63%
Spr 4100 | Spr 8100 | Spr 8200 | +2 others Amsterdam Lelylaan
63%
Stt 2500 Antwerpen Zuid
63%
RS 5 37800 Bedum
63%
Spr 6200 Beilen
63%
Spr 6400 | Spr 6500 Best
63%
Spr 5500 | Spr 5600 Bilthoven
63%
IC 3500 | RS 11 32200 | RS 11 32300 Blerick
63%
Spr 7000 | Spr 7900 Borne
63%
Spr 8600 | Spr 8700 Boskoop
63%
IC 3700* | IC 3900 Bovenkarspel Flora
63%
IC 3700* | IC 3900 Bovenkarspel-Grootebroek
63%
Spr 4000 | Spr 7300 | Spr 7400 Breukelen
63%
EC 9200 Brussel Airport Zaventem
63%
IC 140/240 | RB 61 20350 Bünde
63%
RS 1 37400 / RE 6 20100 | RS 12 32400 Duitsland Bunde
63%
Spr 7300 | Spr 7400 Bunnik
63%
Spr 5700 | Spr 5800 Bussum Zuid
63%
RS 18 32000 Chevremont
63%
RS 20 8000 Dalen
63%
Spr 5000 | Spr 5100 | Spr 5200 Den Haag Moerwijk
63%
Spr 4200 | Spr 4300 De Vink
63%
RS 32 30700 | RS 32 30900 Didam
63%
Spr 4300 | Spr 5700 Diemen Zuid
63%
RS 32 30700 | RS 32 30900 Doetinchem De Huet
63%
Spr 5900 | Spr 6600 Dordrecht Zuid
63%
Spr 9000 Dronten
63%
Spr 6400 | Spr 6500 Eindhoven Strijp-S
63%
RS 32 30900 Gaanderen
63%
Spr 6400 Geldrop
63%
RS 12 32400 Geleen Lutterade
63%
RS 15 32500 Geleen Oost
63%
Spr 6600 Gilze-Rijen
63%
RS 24 31200 Goor
63%
RS 20 8000 Gramsbergen
63%
RE 1 37300a | RE 1 37300b | RE 8 31500 | +7 others Groningen Europapark
63%
RS 4 37600 | RS 4 37600*, enkel ochtendspits | RS 5 37800 Groningen Noord
63%
Spr 4800 | Spr 5400 Haarlem Spaarnwoude
63%
Spr 4800 | Spr 5400 Halfweg-Zwanenburg
63%
IC 140/240 Hannover Hauptbahnhof
63%
Spr 6200 | Spr 6200a Haren
63%
Spr 6400 Heeze
63%
Spr 6500 Helmond Brandevoort
63%
Spr 6500 Helmond Brouwhuis
63%
RS 24 31200 Hengelo Gezondheidspark
63%
RS 24 31200 Hengelo Oost
63%
Spr 5700 Hollandsche Rading
63%
RS 4 37600 | RS 5 37800 Hoogezand-Sappemeer
63%
IC 3700* | IC 3900 Hoogkarspel
63%
IC 3700* | IC 3900 | Spr 4100 Hoorn Kersenboogerd
63%
RS 1 37400 / RE 6 20100 | RS 1 37400 / RE 6 37900 Hurdegaryp
63%
RS 3 37100 IJlst
63%
Spr 4000 | Spr 7400 Koog aan de Zaan
63%
Spr 4000 | Spr 7400 Krommenie-Assendelft
63%
RS 1 37400 / RE 6 20100 Leer
63%
Stt 7200 Leerdam
63%
ES 9100 Verenigd Koninkrijk Londen St. Pancras
63%
Spr 6400 Maarheeze
63%
RS 18 32000 Maastricht Noord
63%
RB 64 20200 Münster Hauptbahnhof
63%
Spr 4900 | Spr 5700 | Spr 5800 Naarden-Bussum
63%
Spr 6600 | Spr 7600 Nijmegen Goffert
63%
IC 17900 | Spr 7900 Nijverdal
63%
Spr 4800 Obdam
63%
RE 20 13800 | RE 20 3800 | RS 20 8000 Ommen
63%
Spr 6500 | Spr 6600 *enkel ochtenspits Oss West
63%
Spr 4100 Purmerend Overwhere
63%
Spr 4100 Purmerend Weidevenne
63%
Spr 5600 Putten
63%
RS 11 32200 Reuver
63%
Spr 5000 | Spr 5100 | Spr 5200 Rotterdam Zuid
63%
Spr 4800 Santpoort Noord
63%
Spr 4800 Santpoort Zuid
63%
RS 15 32500 Schinnen
63%
Spr 6500 | Spr 6600 *enkel ochtenspits 's-Hertogenbosch Oost
63%
Spr 5500 Soest Zuid
63%
Spr 6600 Tilburg Reeshof
63%
Spr 6400 | Spr 6600 Tilburg Universiteit
63%
Spr 6900 | Spr 8900 Utrecht Leidsche Rijn
63%
RS 11 32200 | RS 11 32300 Vierlingsbeek
63%
Spr 6900 | Spr 8900 Vleuten
63%
IC 2200 | IC 3600 Vlissingen Souburg
63%
RS 18 32000 Voerendaal
63%
RS 1 37400 / RE 6 20100 | RS 1 37400 / RE 6 37900 | RS 4 37600 Winschoten
63%
RS 4 37600 | RS 4 37600*, enkel ochtendspits Winsum
63%
Spr 4000 | Spr 7400 Wormerveer
63%
Spr 4100 Zaandam Kogerveld
63%
Spr 8500 Zwolle Stadshagen
63%
Spr 4300 | Spr 4600 Almere Oostvaarders
50%
Spr 4300 | Spr 4600 Almere Parkwijk
50%
RS 30 17800 Apeldoorn De Maten
50%
Spr 7000 Apeldoorn Osseveld
50%
Spr 7600 Arnhem Presikhaaf
50%
RS 32 30700 | RS 32 30900 | Spr 7600 Arnhem Velperpoort
50%
RS 4 37600 | RS 4 37600*, enkel ochtendspits Baflo
50%
RS 34 31300 | RS 34 31400 Barneveld Noord
50%
RS 34 31300 | RS 34 31400 Barneveld Zuid
50%
RS 12 32400 Beek-Elsloo
50%
Stt 7200 Beesd
50%
Spr 8600 | Spr 8700 Boskoop Snijdelwijk
50%
Spr 6600 Breda-Prinsenbeek
50%
EC 9200 Brussel Noord
50%
EC 9200 | ECD 9500 | ES 9100 | ES 9300 België Brussel Zuid/Midi
50%
RE 1 37300a | RS 1 37400 / RE 6 20100 | RS 1 37400 / RE 6 37900 Buitenpost
50%
RS 21 31000 Daarlerveen
50%
RS 2 37200 Deinum
50%
RS 24 31200 Delden
50%
RS 5 37800 Delfzijl West
50%
Spr 5500 | Spr 5600 Den Dolder
50%
Spr 6800 | Spr 6900 Den Haag Ypenburg
50%
Spr 7000 Deventer Colmschate
50%
Stt 7100 | Stt 7200 Dordrecht Stadspolders
50%
Spr 4800 Driehuis
50%
RS 2 37200 Dronryp
50%
RS 4 37600 Eemshaven
50%
RE 20 13800 | RE 20 3800 | RS 20 8000 Emmen Zuid
50%
RB 51 20200 | RB 64 20200 Enschede De Eschmarke
50%
Spr 7000 | Spr 7900 Enschede Kennispark
50%
RE 18 18900 Eygelshoven Markt
50%
Spr 6900 | Spr 8800 | Stt 7200 Geldermalsen
50%
RB 51 20200 Glanerbrug
50%
Spr 4000 | Spr 6800 | Spr 6900 Gouda Goverwelle
50%
RS 1 37400 / RE 6 20100 | RS 1 37400 / RE 6 37900 Grijpskerk
50%
Spr 9000 Grou-Jirnsum
50%
Stt 7100 | Stt 7200 Hardinxveld-Giessendam
50%
Spr 7900 Heino
50%
RS 15 32500 Hoensbroek
50%
RS 34 31300 | RS 34 31400 Hoevelaken
50%
IC 3500 Horst-Sevenum
50%
Spr 9000 Kampen Zuid
50%
RS 33 31100 Kesteren
50%
RS 30 17800 Klarenbeek
50%
RS 18 32000 Klimmen-Ransdaal
50%
RS 3 37100 Koudum-Molkwerum
50%
IC 2200 | IC 3600 Krabbendijke
50%
RS 4 37600 | RS 5 37800 Kropswolde
50%
IC 2200 | IC 3600 Kruiningen-Yerseke
50%
Spr 6800 | Spr 6900 Lansingerland-Zoetermeer
50%
RS 1 37400 / RE 6 20100 | RS 1 37400 / RE 6 37900 Leeuwarden Camminghaburen
50%
Spr 8800 | Spr 8900 Leiden Lammenschans
50%
RS 31 30800 Lichtenvoorde-Groenlo
50%
RS 5 37800 Loppersum
50%
RS 34 31300 Lunteren
50%
Spr 7300 Maarn
50%
Spr 7300 | Spr 7400 Maarssen
50%
RS 3 37100 Mantgum
50%
RE 20 3800 | RS 20 8000 | RS 21 31000 Mariënberg
50%
RS 4 37600 | RS 5 37800 Martenshoek
50%
EC 9200 Mechelen
50%
RS 11 32200 | RS 11 32300 Mook-Molenhoek
50%
RE 20 3800 | RS 20 8000 Nieuw Amsterdam
50%
Spr 4000 Nieuwerkerk aan den IJssel
50%
Spr 4300 | Spr 5700 Nieuw Vennep
50%
Spr 6600 | Spr 7600 Nijmegen Dukenburg
50%
RS 11 32200 | RS 11 32300 Nijmegen Heyendaal
50%
Spr 7500 Oosterbeek
50%
RS 33 31100 Opheusden
50%
IC 140/240 | RB 61 20350 Osnabrück Hauptbahnhof
50%
Spr 5900 Oudenbosch
50%
Spr 15400** | Spr 5400 Overveen
50%
Spr 6600 Ravenstein
50%
RS 4 37600 Roodeschool
50%
Spr 6500 | Spr 6600 *enkel ochtenspits Rosmalen
50%
Spr 5000 | Spr 5100 | Spr 5200 Rotterdam Lombardijen
50%
RS 4 37600 | RS 4 37600*, enkel ochtendspits | RS 5 37800 Sauwerd
50%
RS 1 37400 / RE 6 20100 | RS 1 37400 / RE 6 37900 | RS 4 37600 Scheemda
50%
Stt 7100 | Stt 7200 Sliedrecht Baanhoek
50%
RE 3 38000* | RS 3 37100 Sneek Noord
50%
RS 5 37800 Stedum
50%
RS 32 30900 Terborg
50%
Spr 6900 Tiel Passewaaij
50%
RS 4 37600 Uithuizen
50%
RS 4 37600 Uithuizermeeden
50%
RS 4 37600 Usquert
50%
Spr 28300*** Utrecht Maliebaan
50%
Spr 28300*** | Spr 4900 | Spr 5500 | +2 others Utrecht Overvecht
50%
Spr 6900 | Spr 8900 Utrecht Terwijde
50%
Spr 6900 | Spr 7300 | Spr 7400 | Spr 8800 Utrecht Vaartsche Rijn
50%
RS 32 30900 Varsseveld
50%
Spr 7300 Veenendaal West
50%
RE 18 18900 1x/uur Visé
50%
Spr 4200 Voorhout
50%
RS 31 30800 Vorden
50%
RS 21 31000 Vriezenveen
50%
RS 21 31000 Vroomshoop
50%
Spr 8600 | Spr 8700 Waddinxveen Noord
50%
Spr 8600 | Spr 8700 Waddinxveen Triangel
50%
RS 4 37600 | RS 4 37600*, enkel ochtendspits Warffum
50%
RS 32 30700 | RS 32 30900 Wehl
50%
RS 32 30700 | RS 32 30900 Westervoort
50%
Spr 5600 Wezep
50%
RS 31 30800 Winterswijk West
50%
Spr 9000 Wolvega
50%
RE 13 20000 Wuppertal Hauptbahnhof
50%
RS 33 31100 Zetten-Andelst
50%
Spr 6800 | Spr 6900 Zoetermeer Oost
50%
RS 4 37600 | RS 5 37800 Zuidbroek
50%
RE 1 37300b | RS 1 37400 / RE 6 20100 | RS 1 37400 / RE 6 37900 Zuidhorn
50%
EC 9200 | Stt 2500 Antwerpen Berchem
38%
Stt 2500 Antwerpen Luchtbal
38%
Stt 7200 Arkel
38%
IC 2200 | IC 3600 Arnemuiden
38%
IC 140/240 | RB 61 20350 Duitsland Bad Bentheim
38%
RS 1 37400 / RE 6 20100 Bad Nieuweschans
38%
IC 140/240 Berlin Ostbahnhof
38%
IC 140/240 Berlin Spandau
38%
RB 61 20350 Bielefeld Hauptbahnhof
38%
Stt 7100 | Stt 7200 Boven-Hardinxveld
38%
RS 1 37400 / RE 6 20100 | RS 1 37400 / RE 6 37900 De Westereen
38%
RE 19 20000 Düsseldorf Flughafen
38%
RE 19 20000 Emmerich
38%
RS 18 32000 Eygelshoven
38%
RE 1 37300a | RE 1 37300b | RS 1 37400 / RE 6 20100 | RS 1 37400 / RE 6 37900 Feanwâlden
38%
ICE 120/220 Frankfurt Flughafen Fernbahnhof
38%
RB 64 20200 Glanerbrug
38%
RB 51 20200 | RB 64 20200 Duitsland Gronau
38%
Stt 7200 Hardinxveld Blauwe Zoom
38%
RS 18 32000 Heerlen Woonboulevard
38%
RS 33 31100 Hemmen-Dodewaard
38%
RE 18 18900 Duitsland Herzogenrath
38%
RS 18 32000 Houthem-St. Gerlach
38%
Stt 2500 Kalmthout
38%
ES 9100 Frankrijk Lille Europe
38%
RE 13 20000 Mönchengladbach Hauptbahnhof
38%
RE 13 20000 Neuss Hauptbahnhof
38%
EC 9200 België Noorderkempen
38%
RS 15 32500 Nuth
38%
ICE 120/220 | RE 19 20000 Duitsland Oberhausen Hauptbahnhof
38%
Stt 2500 Puurs
38%
IC 140/240 | RB 61 20350 Rheine
38%
IC 2200 | IC 3600 Rilland-Bath
38%
RS 31 30800 Ruurlo
38%
Spr 7000 Twello
38%
RS 30 17800 Voorst-Empe
38%
RS 1 37400 / RE 6 20100 Weener
38%
Spr 7500 Wolfheze
38%
RE 18 18900 Aachen West
25%
RB 51 20200 Ahaus
25%
RB 64 20200 Altenberge
25%
Stt 2500 Antwerpen Noorderdokken
25%
RB 51 20200 Beifang
25%
RB 61 20350 Bielefeld Brake
25%
RE 13 20000 Boisheim
25%
RE 13 20000 Bönen
25%
Stt 2500 Boom
25%
RB 51 20200 Bork
25%
RE 18 18900 1x/uur Bressoux
25%
RE 13 20000 Breyell
25%
RB 61 20350 Bruchmühlen
25%
RB 64 20200 Burgsteinfurt
25%
RB 51 20200 Coesfeld
25%
RE 19 20000 Dinslaken
25%
RB 51 20200 Dortmund Derne
25%
RB 51 20200 Dortmund Kirchderne
25%
RE 13 20000 Dülken
25%
RB 51 20200 Dülmen
25%
RE 13 20000 Düsseldorf Bilk
25%
Stt 2500 Ekeren
25%
RE 19 20000 Duitsland Emmerich-Elten
25%
RE 19 20000 Empel-Rees
25%
RE 19 20000 Friedrichsfeld
25%
RE 13 20000 Hagen Hauptbahnhof
25%
RE 19 20000 Haldern
25%
RE 13 20000 Hamm
25%
Stt 2500 Heide
25%
Stt 2500 Hemiksem
25%
RB 61 20350 Herford
25%
RB 61 20350 Hiddenhausen-Schweicheln
25%
Stt 2500 Hoboken Polder
25%
RB 51 20200 Holtwick
25%
RE 13 20000 Holzwickede
25%
RB 61 20350 Hörstel
25%
RB 61 20350 Ibbenbüren
25%
RB 61 20350 Ibbenbüren Laggenbeck
25%
RS 1 37400 / RE 6 20100 Ihrhove
25%
RE 13 20000 Duitsland Kaldenkirchen
25%
IC 2200 | IC 3600 Kapelle-Biezelinge
25%
Stt 2500 Kijkuit
25%
RB 61 20350 Kirchlengern
25%
RB 51 20200 Legden
25%
RB 51 20200 Lette
25%
RB 51 20200 Lüdinghausen
25%
RB 51 20200 Lünen Hauptbahnhof
25%
RB 51 20200 Lünen Preußen
25%
RE 19 20000 Mehrhoog
25%
RB 61 20350 Melle
25%
RB 64 20200 Metelen Land
25%
RE 19 20000 Millingen
25%
RB 64 20200 Münster Häger
25%
RB 64 20200 Münster Zentrum Nord
25%
Stt 2500 Niel
25%
RB 64 20200 Nordwalde
25%
RE 19 20000 Oberhausen Sterkrade
25%
RB 64 20200 Ochtrup
25%
RB 61 20350 Osnabrück Altstadt
25%
RE 19 20000 Praest
25%
Stt 2500 Ruisbroek-Sauvegarde
25%
RB 61 20350 Salzbergen
25%
Stt 2500 Schelle
25%
RB 61 20350 Schüttorf
25%
RE 13 20000 Schwerte
25%
RB 51 20200 Selm
25%
Stt 2500 Sint-Mariaburg
25%
RB 64 20200 Steinfurt-Borghorst
25%
RB 64 20200 Steinfurt-Grottenkamp
25%
RE 13 20000 Unna
25%
RE 13 20000 Viersen
25%
RE 19 20000 Voerde
25%
RE 19 20000 Wesel
25%
RE 19 20000 Wesel Feldmark
25%
RB 61 20350 Westerhausen
25%
Stt 2500 Wildert
25%
RB 61 20350 Wissingen
25%
RE 13 20000 Wuppertal Barmen
25%
RE 13 20000 Wuppertal Oberbarmen
25%
RE 13 20000 Wuppertal Vohwinkel
25%
Geen overeenkomende quizzen gevonden
Scoreverdeling
Procent van Mensen met Elke Score
Percentiel versus Aantal Correcte Antwoorden
Uw Scoregeschiedenis
U heeft deze quiz nog niet genomen sinds de laatste reset